| 000 | 00467nam a2200181Ia 4500 | ||
|---|---|---|---|
| 001 | 14424 | ||
| 005 | 20260306164913.0 | ||
| 008 | 260306t1973||||xx |||||||||||||| ||spa|| | ||
| 041 | _aESP | ||
| 082 |
_a515 _bA64 V. 1 |
||
| 100 |
_aApostol, Tom M. _eAUT |
||
| 245 | 0 |
_aCalculus: _bcálculo con funciones de una variable, con una introducción al álgebra lineal |
|
| 260 | _c1973 | ||
| 300 |
_a _c |
||
| 650 | _aGEN | ||
| 654 | _aCMA | ||
| 942 |
_cLIB _dJUS _fJUS _2ddc _n |
||
| 999 |
_c14424 _d14424 |
||